Mali : Poverty Reduction Strategy Paper.

This paper examines the Poverty Reduction Strategy Paper (PRSP) for Mali. The PRSP is an expression of the government's desire to engage in development activity that is more intense, more organized, more consensus-based, and more effective, and capable of bringing about lasting poverty reductio...

תיאור מלא

מידע ביבליוגרפי
מחבר תאגידי: International Monetary Fund
פורמט: כתב-עת
שפה:English
יצא לאור: Washington, D.C. : International Monetary Fund, 2003.
סדרה:IMF Staff Country Reports; Country Report ; No. 2003/039
גישה מקוונת:Full text available on IMF
LEADER 01635cas a2200241 a 4500
001 AALejournalIMF002313
008 230101c9999 xx r poo 0 0eng d
020 |c 5.00 USD 
020 |z 9781451826258 
022 |a 1934-7685 
040 |a BD-DhAAL  |c BD-DhAAL 
110 2 |a International Monetary Fund. 
245 1 0 |a Mali :   |b Poverty Reduction Strategy Paper. 
264 1 |a Washington, D.C. :  |b International Monetary Fund,  |c 2003. 
300 |a 1 online resource (146 pages) 
490 1 |a IMF Staff Country Reports 
500 |a <strong>Off-Campus Access:</strong> No User ID or Password Required 
500 |a <strong>On-Campus Access:</strong> No User ID or Password Required 
506 |a Electronic access restricted to authorized BRAC University faculty, staff and students 
520 3 |a This paper examines the Poverty Reduction Strategy Paper (PRSP) for Mali. The PRSP is an expression of the government's desire to engage in development activity that is more intense, more organized, more consensus-based, and more effective, and capable of bringing about lasting poverty reduction. Although redistribution activities and social protection systems are necessary in the short term to reduce the impact of poverty, it is above all a matter of integrating these activities into long-term strategies that will put the poor in a position to help further their own economic and social well-being. 
538 |a Mode of access: Internet 
830 0 |a IMF Staff Country Reports; Country Report ;  |v No. 2003/039 
856 4 0 |z Full text available on IMF  |u http://elibrary.imf.org/view/journals/002/2003/039/002.2003.issue-039-en.xml  |z IMF e-Library